La vuelta al mundo en 80 días
Պահպանված է:
| Հիմնական հեղինակ: | |
|---|---|
| Ձևաչափ: | Գիրք |
| Լեզու: | Spanish |
| Հրապարակվել է: |
San José, Costa Rica
Editorial Costa Rica Editorial Universitaria Centroamericana
1976
|
| Խորագրեր: | |
| Ցուցիչներ: |
Ավելացրեք ցուցիչ
Չկան պիտակներ, Եղեք առաջինը, ով նշում է այս գրառումը!
|
MARC
| LEADER | 00000nam a22000007a 4500 | ||
|---|---|---|---|
| 008 | 180504b xxu||||| |||| 00| 0 spa d | ||
| 040 | |a cru BVZT | ||
| 090 | |a 840 V-16vu | ||
| 100 | |a Verne, Julio |q Jules Gabriel Verne |9 10 | ||
| 245 | |a La vuelta al mundo en 80 días |c Julio Verne | ||
| 260 | |a San José, Costa Rica |b Editorial Costa Rica |b Editorial Universitaria Centroamericana |c 1976 | ||
| 300 | |a 244 páginas | ||
| 650 | |a LITERATURA FRANCESA |9 109 | ||
| 650 | |a NOVELA |9 13 | ||
| 942 | |2 z |c LIB |j LIB | ||
| 999 | |c 30477 |d 30477 | ||
